Loty bezpośrednie z Lublina - Statystyki

Ogólne statystyki
  • Ten quiz został rozwiązany 97 razy
  • Średni wynik to 7 z 8
Statystyki odpowiedzi
Linia Kraj Miasto % Poprawnych
LOT Polska Warszawa
97%
Ryanair Wielka Brytania Londyn
96%
WizzAir Wielka Brytania Londyn
96%
WizzAir Norwegia Oslo
93%
Ryanair Irlandia Dublin
92%
LOT Polska Gdańsk
90%
Ryanair Polska Gdańsk
90%
WizzAir Holandia Eindhoven
35%
Nie znaleziono quizów pasujących do podanych kryteriów
Rozkład punktacji
Procent ludzi z każdym wynikiem
Percentyl według liczby udzielonych odpowiedzi
Twoja historia wyników
Nie rozwiązałeś tego quizu